<?xml version="1.0" encoding="UTF-8"?>
<record
    xmlns:xsi="http://www.w3.org/2001/XMLSchema-instance"
    xsi:schemaLocation="http://www.loc.gov/MARC21/slim http://www.loc.gov/standards/marcxml/schema/MARC21slim.xsd"
    xmlns="http://www.loc.gov/MARC21/slim">

  <leader>006390000a22001210004500</leader>
  <datafield tag="100" ind1="1" ind2=" ">
    <subfield code="a">Cer&#xF3;n, Jaime</subfield>
  </datafield>
  <datafield tag="245" ind1="1" ind2="0">
    <subfield code="a">Lo que Turner no sab&#xED;a : El premio Turner de arte</subfield>
  </datafield>
  <datafield tag="300" ind1=" " ind2=" ">
    <subfield code="a">Vol.0, n&#xFA;m.2 (Noviembre, 2005), P&#xE1;ginas 26-27</subfield>
  </datafield>
  <datafield tag="500" ind1=" " ind2=" ">
    <subfield code="a">Curador y cr&#xED;tico de arte</subfield>
  </datafield>
  <datafield tag="520" ind1=" " ind2=" ">
    <subfield code="a">Este 7 de diciembre se conocer&#xE1; el ganador del premio m&#xE1;s prestigioso de las artes brit&#xE1;nicas, el premio Turner.  Pol&#xE9;mico desde su creaci&#xF3;n en 1984, los cr&#xED;ticos se&#xF1;alan que ha propiciado interesantes debates; la prensa en cambio, no se ha ahorrado la caricatura: &#xBF;Es esto arte?</subfield>
  </datafield>
  <datafield tag="773" ind1="0" ind2=" ">
    <subfield code="t">Arcadia / Andr&#xE9;s Felipe Solano, Editor</subfield>
  </datafield>
  <datafield tag="942" ind1=" " ind2=" ">
    <subfield code="c">ANA</subfield>
  </datafield>
  <datafield tag="952" ind1=" " ind2=" ">
    <subfield code="0">0</subfield>
    <subfield code="1">0</subfield>
    <subfield code="4">0</subfield>
    <subfield code="7">0</subfield>
    <subfield code="8">HEM</subfield>
    <subfield code="a">FUSBC</subfield>
    <subfield code="b">FUSBC</subfield>
    <subfield code="d">2016-01-26</subfield>
    <subfield code="l">0</subfield>
    <subfield code="o"> </subfield>
    <subfield code="r">2016-01-26 00:00:00</subfield>
    <subfield code="w">2016-01-26</subfield>
    <subfield code="y">ANA</subfield>
  </datafield>
  <datafield tag="999" ind1=" " ind2=" ">
    <subfield code="c">61720</subfield>
    <subfield code="d">61720</subfield>
  </datafield>
</record>
